The UK´s Trade with the Countries of the Commonwealth of Nations and the European Union diplomová práca

Na minha lista:
Detalhes bibliográficos
Autor principal: Gloneková, Nikola
Autor Corporativo: Fakulta aplikovaných jazykov EU v Bratislave. Katedra interkultúrnej komunikácie
Outros Autores: Hrdličková, Zuzana
Formato: Livro
Idioma:inglês
Publicado em: Bratislava 2021
Tags: Adicionar Tag
Sem tags, seja o primeiro a adicionar uma tag!

MARC

LEADER 00000nbm a2200000 4500
001 0274871
005 20220216105630.2
041 0 |a eng 
044 |a SK 
245 1 0 |a The UK´s Trade with the Countries of the Commonwealth of Nations and the European Union  |b diplomová práca  |c Nikola Gloneková ; školiteľ: Zuzana Hrdličková 
264 1 |a Bratislava  |c 2021 
300 |a 83 s. 
100 1 |a Gloneková, Nikola 
700 1 |a Hrdličková, Zuzana 
710 2 |a Fakulta aplikovaných jazykov EU v Bratislave. Katedra interkultúrnej komunikácie